| 000 | 00690nam a22002057a 4500 | ||
|---|---|---|---|
| 003 | DO-SdBNP | ||
| 005 | 20221019141503.0 | ||
| 007 | ta | ||
| 008 | 221019b2001 dr ac||| |||| 00| 0 spa d | ||
| 040 |
_aDO-SdBNP _bspa _cBNPHU |
||
| 082 | 4 | _a22 | |
| 111 | 2 |
_aFestival Internacional de Teatro _n(3. _d2006: 11-23 oct. _cSanto Domingo) _969842 |
|
| 245 | 1 | 0 | _a3 festival internacional de teatro Santo Domingo 2006. |
| 246 | 1 | 0 | _aTercer festival internacional de teatro Santo Domingo 2001. |
| 260 |
_aSanto Domingo : _bSecretaría de Estado de Cultura, _bBúho, _c2001. |
||
| 300 |
_a95 p. : _bil., retrs. ; _c28 cm. |
||
| 590 | _aInventariado, 2022/BT | ||
| 910 | _aBtavárez | ||
| 942 |
_2ddc _cLBS1 |
||
| 999 |
_c52583 _d52583 |
||